| 000 | 00000nam##2200000za#4500 |
| 001 | 9.644339 |
| 003 | CaOODSP |
| 005 | 20250506145324 |
| 007 | cr ||||||||||| |
| 008 | 150407|1982||||xxc|||||o f|0| 0 fre|d |
| 040 | |aCaOODSP|bfre |
| 043 | |an-cn--- |
| 086 | 1 |aA15-1728/1982F-PDF |
| 110 | 1 |aCanada.|bAgriculture Canada. |
| 245 | 10|aChoix et utilisation des silos hermétiques / |h[ressource électronique]|c[par] H.E. Bellman. |
| 260 | |aOttawa - Ontario : |bAgriculture Canada |c1982. |
| 300 | |a20p.|bfigures, ill. |
| 500 | |aSommaire: Protection des produits entreposés.--Détection des problèmes.--Identification des organismes.--Lutte contre les infestations.--Renseignements supplémentaires.--Noms vernaculaires et scientifiques des principales espèces qui parasitent le grain entreposé.--Références.--Pour en savoir plus.--Annexe. |
| 500 | |aPublication historique numérisée par Agriculture et Agroalimentaire Canada. Publication/fédérale/provinciale, Canada/Ontario. |
| 590 | |a15-03-Supp|b2015-03-13 |
| 720 | 1 |aBellman, H. E. |
| 775 | 08|tSelection and use of oxygen-limiting silos / |w(CaOODSP)9.700448 |
| 856 | 40|ahttp://publications.gc.ca|qPDF|s1589 Ko|uhttps://publications.gc.ca/collections/collection_2015/aac-aafc/A15-1728-1982-fra.pdf |
| 986 | |aPublication 1728F |